Biggest Cities Starting with Elemental Symbols - Statistics

General Stats
  • This quiz has been taken 26 times
    5 since last reset
  • The average score is 23 of 118
Answer Stats
Symbol City Population % Correct
O | Os Osaka 17,700,000
100%
S Shanghai 40,000,000
80%
B | Be Beijing 20,900,000
60%
Fr Frankfurt 3,300,000
60%
H | Ho Ho Chi Minh City 13,500,000
60%
Na Nanjing 9,300,000
60%
N | Ne New York City 23,100,000
60%
P | Pa Paris 11,400,000
60%
Tb Tbilisi 1,400,000
60%
W Wuhan 11,800,000
60%
Ac Accra 6,400,000
40%
C | Ca Cairo 22,200,000
40%
Cl Cleveland 3,100,000
40%
He Hefei 9,500,000
40%
K Karachi 19,100,000
40%
Li Lima 11,600,000
40%
Lu Luanda 9,000,000
40%
Mo Moscow 18,800,000
40%
Nd Ndola 475,194
40%
Se Seoul 24,900,000
40%
Si Singapore 7,800,000
40%
Te Tehran 16,200,000
40%
Al Alexandria 6,100,000
20%
Am Amman 5,900,000
20%
As Asuncion 2,500,000
20%
At Atlanta 6,300,000
20%
Au Austin 2,200,000
20%
Ba Bangkok 17,400,000
20%
Bh Bhopal 2,600,000
20%
Bi Birmingham 3,200,000
20%
Br Brasilia 4,200,000
20%
Cd Cdelkiai 3
20%
Ce Cebu City 2,700,000
20%
Co Conakry 2,800,000
20%
Cu Curitiba 3,500,000
20%
Db Dbarwa 4,902
20%
Dy Dyat'kovo 29,439
20%
Fe Fes 1,300,000
20%
F Fuzhou 4,550,000
20%
Gd Gdansk 465,620
20%
Ir Irkutsk 647,733
20%
I Istanbul 16,100,000
20%
La Lagos 21,400,000
20%
Lr Lrvelu 41
20%
Lv Lviv 721,492
20%
Mg Mga 10,212
20%
Nb Nbeïka 20,766
20%
Ni Ningbo 7,100,000
20%
No Novosibirsk 1,800,000
20%
Np Npancheraso 942
20%
Po Porto Alegre 4,200,000
20%
Pt Ptolemaḯda 30,045
20%
Pu Pune 7,600,000
20%
Re Recife 3,900,000
20%
Sc Scottsdale 236,839
20%
Ta Taipei 9,200,000
20%
Ti Tianjin 11,400,000
20%
U Urumqi 4,700,000
20%
Y Yangon 6,000,000
20%
Zn Znojmo 35,280
20%
Ag Agra 2,400,000
0%
Ar Arequipa 1,100,000
0%
Bk Bkassine 1,553
0%
Cf Cfir 26
0%
Cm Cmielów 3,238
0%
Cn Cnra 3,608
0%
Cr Craiova 304,000
0%
Cs Csongrád 17,686
0%
Ds Dschang 96,112
0%
Er Erbil 1,200,000
0%
Es Eskisehir 898,369
0%
Eu Eugene 382,831
0%
Fl Florianopolis 1,300,000
0%
Fm Fmi City 7,301
0%
Ga Gaziantep 1,700,000
0%
Ge General Santos 706,165
0%
Hf Hfid 57
0%
Hg Hgne Ta Maing 6,255
0%
Hs Hsinchu 404,109
0%
In Indore 3,500,000
0%
Kr Krasnoyarsk 1,300,000
0%
Mc McKinney 162,898
0%
Md Mdantsane 205,504
0%
Mn Mnichovo Hradiště 8,368
0%
Mt Mtwara 96,602
0%
Nh Nha Trang 347,441
0%
Og Ogaki 150,507
0%
Pb Pbale Banteka 47
0%
Pd Pdengshakap 1,472
0%
Pm Pmadna 85
0%
Pr Prayagraj 1,500,000
0%
Ra Rawalpindi 3,700,000
0%
Rb Rbije 49
0%
Rf Rfaïlîyé 73
0%
Rg Rgotina 1,721
0%
Rh Rheine 59,531
0%
Rn Rno 30
0%
Ru Russeifa 481,900
0%
Sb Sbikha 7,062
0%
Sg Sgurgola 1,485
0%
Sm Smolensk 327,000
0%
Sn Snizhne 55,587
0%
Sr Srinagar 1,700,000
0%
Tc Tczew 60,889
0%
Th Thane 2,600,000
0%
Tl Tlalnepantla de Baz 653,410
0%
Tm Tmourghout 1,250
0%
Ts Tshikapa 1,100,000
0%
Va Vadodara 2,350,000
0%
Xe Xenia 25,819
0%
Yb Ybycuí 20,887
0%
Zr Zrenjanin 79,773
0%
No matching quizzes found
Score Distribution
Percent of People with Each Score
Percentile by Number Answered
Your Score History
You have not taken this quiz since the last reset